000
00277nam a22001097a 4500
082
_a
891.53708ا ر ن
100
_a
ڈاکٹر ارنیسٹ ٹرمپ
245
_a
شاھ جو رسالو
260
_a
کراچی
_b
سندھ حکومت
_c
۲۰۰۸
300
_a
۷۳۹
942
_c
BK
999
_c
15061
_d
15061